000 00510nam a2200193Ia 4500
005 20250508150917.0
008 008 250505s9999 xx 000 0 eng d
037 _aTextual
040 _aFEDL
_beng
_cFEDL
041 _aeng
_2eng
084 _a909, REI
_qFEDL
100 _aReither Joseph
245 0 _aWorld history: At a glance
250 _aRevised Edition
260 _aNew York, USA
_bPerma Giants
_c1949
300 _axx,420p
942 _cTEXL
_h909, REI
999 _c1326416
_d1326416